|
|
|
|
| LEADER |
00000nam a2200000 a 4500 |
| 001 |
vtls008870224 |
| 003 |
SK-MaSNL |
| 005 |
20260512073307.0 |
| 008 |
240318s1682 xo 0 ger |
| 035 |
|
|
|a cpl000131008
|
| 040 |
|
|
|a SNK
|b slo
|c SNK
|e AACR2
|
| 041 |
0 |
|
|a ger
|
| 044 |
|
|
|a xo
|c SK
|
| 100 |
1 |
|
|a Lang, Móric
|4 aut
|9 592397
|
| 245 |
1 |
0 |
|a Jesvs der Sieg- vnd Frieden-Fürst ...
|
| 260 |
|
|
|a [Bratislava]
|b [s.n.]
|c [1682]
|
| 300 |
|
|
|a [1] str.
|c 2°
|
| 510 |
0 |
|
|a Čaplovič 437b. - Eliminačný záznam LXXXVI. treba zrušiť, lebo ide o jednolistovú doskotlač, ktorú zhotovil sám grafik. Treba teda v bibliografii ponechať pod Bratislavou, kde pôsobil
|
| 710 |
|
|
|a S.n.
|c Bratislava
|4 tlt
|9 369982
|
| 852 |
|
|
|a KIS3GST
|b 004010000
|h Budapešť, OSzK: RMK II. 1510a
|
| 852 |
|
|
|a KIS3GST
|b 004010000
|h Martin, SNK: SC 32307 fk.
|
| 958 |
|
|
|a ONDV
|
| 999 |
|
|
|c 911367
|d 913297
|
| 952 |
|
|
|a SNK
|b SNK
|y PREZ
|7 0
|p 17A0962732
|o snkSC 32307
|i snkF 807/79
|8 5
|0 0
|1 0
|4 0
|d 2009-07-22
|l 0
|r 2025-09-30 00:00:00
|w 2026-02-24
|